| 000 | 00605nam a22002057a 4500 | ||
|---|---|---|---|
| 003 | KOHA_MİRAKIL | ||
| 005 | 20260325132646.0 | ||
| 008 | 260325b tu ||||| |||| 00| 0 tur d | ||
| 020 | _a9786059020268 | ||
| 040 |
_aTR-AnABB _btur _cTR-AnABB |
||
| 041 | _atur | ||
| 082 |
_a320.9561 _bMUT 2014 |
||
| 100 | 1 | _aMutluay, Barış | |
| 245 | 1 | 0 |
_aZiya Yılmaz : _bTip 'ten THKP-C'ye Fatsa'dan Türkiye'ye / _cBarış Mutluay |
| 260 |
_aAnkara : _bRenas yayıncılık, _c2014 |
||
| 300 |
_a319 sayfa : _c20cm |
||
| 500 | _aYazar imzalı | ||
| 650 | 0 | 4 | _aSiyasi tarih, Türkiye |
| 942 |
_2ddc _cBK |
||
| 999 |
_c10045 _d10045 |
||
| 900 | _bCem ÖZOGLU | ||